Elyonova země. Desáté město / (Záznam č. 27676)
| 000 -Návěští | |
|---|---|
| Řídící pole kódované 24B | 00917nam a2200277 4500 |
| 001 - Kontrolní číslo | |
| Řídící pole proměnné | 46922 |
| 003 - Identifikátor kontrolního čísla | |
| Řídící pole proměnné | CZ PrSKC |
| 005 - Datum posledního zpracování | |
| Řídící pole 16B | 20200129121821.0 |
| 008 - Údaje pevné délky | |
| Řídící pole kódované 40B | 070320s2007 xr |||||||||||||| zecze d |
| 020 ## - ISBN | |
| ISBN | 9788025303962 : |
| Dostupnost | 249.00 Kč |
| 040 ## - Zdroj katalogizace-agentura | |
| Agentura původní katalogizace | BEG001 |
| Jazyk katalogizace | cze |
| 041 1# - Kód jazyka | |
| Kód jazyka textu/zvuku, mezititulků | cze |
| Kód jazyka originálu | eng |
| 080 ## - MDT | |
| Klasifikační znak MDT | M 3/11 |
| 100 1# - Hlavní záhlaví - osobní jméno autora | |
| Osobní jméno | Carman, Patrick, |
| Datumy související se jménem | 1966- |
| Kód role | aut |
| 9 (RLIN) | 9457 |
| 245 10 - Údaje o názvu | |
| Název | Elyonova země. Desáté město / |
| Údaj o odpovědností, atd. | Patrick Carman ; z anglického originálu ... přeložila Eva Mazůrková |
| 250 ## - Údaje o vydání | |
| Označení vydání | 1. vyd. |
| 260 ## - Nakladatelské údaje | |
| Místo vydání | Havlíčkův Brod : |
| Jméno nakladatele | Fragment, |
| datum vydání | 2007 |
| 300 ## - Fyzický popis | |
| Rozsah | 181 s. ; |
| Rozměry | 21 cm |
| 500 ## - Všeobecná poznámka | |
| Text obecné poznámky | 1. Temné hory, 2. Trnité údolí, 3. Desáté město, 4. Osamělé moře, 5. Hvězdný poutník |
| 650 07 - Vedlejší věcné záhlaví - věcné téma | |
| Věcné téma | děti |
| Zdroj záhlaví nebo termínu | czenas |
| 9 (RLIN) | 7095 |
| 653 0# - Rejstříkový termín - volně tvořený | |
| Volně tvořený termín | romány |
| -- | fantasy |
| -- | americká literatura |
| 700 1# - Vedlejší záhlaví - osobní jméno autora | |
| Osobní jméno | Mazůrková, Eva |
| Kód role | trl |
| 9 (RLIN) | 9458 |
| 765 0# - Záhlaví v originálním jazyce | |
| Název | Beyond the Valley of Thorns |
| 910 ## - Údaje o vlastníkovi jednotky (exempláře) | |
| Sigla vlastníka jednotky | BEG001 |
| Stav ztráty | Zdroj klasifikace pro skladování | Stav poškození |
|---|---|---|
| Dewey Decimal Classification |